[Event "Skakligaen 2025-26"]
[Site "Denmark"]
[Date "2026.01.24"]
[Round "5.8"]
[White "Wilbrandt, Simon Pil"]
[Black "Jensen, Jakob Bjerre"]
[Result "1/2-1/2"]
[WhiteElo "2094"]
[BlackElo "2158"]
[EventDate "2025.11.01"]
[EventType "team-tourn"]
[EventRounds "9"]
[EventCountry "DEN"]
[SourceTitle "Holdskaksystemet"]
[WhiteTeam "Frem"]
[BlackTeam "Aarhus/Skolerne"]
[WhiteTeamCountry "DEN"]
[BlackTeamCountry "DEN"]

1. d4 e6 2. c4 f5 3. g3 Nf6 4. Bg2 Be7 5. Nf3 d5 6. O-O Ne4 7. Nfd2 Bf6 8. cxd5 exd5 9. Nb3 O-O 10. a4 c6 11. h4 Nd7 12. a5 Be7 13. Bf4 Ndf6 14. N1d2 Bd6 15. e3 Bxf4 16. exf4 Re8 17. Nf3 Be6 18. Ne5 Rc8 19. Qd3 Nd7 20. Qe3 Rf8 21. Nd3 Bf7 22. Bh3 Bh5 23. Kh2 Bg4 24. f3 Bxh3 25. Kxh3 Nef6 26. Qe6+ Kh8 27. Nbc5 Re8 28. Qxf5 g6 29. Qg5 Nxc5 30. Nxc5 b6 31. axb6 axb6 32. Nd3 Qd7+ 33. Kg2 Re2+ 34. Rf2 Rxf2+ 35. Kxf2 Rf8 36. g4 c5 37. Ne5 Qb5 38. Ra7 Qxb2+ 39. Kg3 Qb1 40. Nf7+ Rxf7 41. Rxf7 1/2-1/2

[Event "Skakligaen 2025-26"]
[Site "Denmark"]
[Date "2026.01.24"]
[Round "5.1"]
[White "Chatalbashev, Boris"]
[Black "Thybo, Jesper Sondergaard"]
[Result "1/2-1/2"]
[WhiteElo "2525"]
[BlackElo "2581"]
[EventDate "2025.11.01"]
[EventType "team-tourn"]
[EventRounds "9"]
[EventCountry "DEN"]
[SourceTitle "Holdskaksystemet"]
[WhiteTeam "Fredericia"]
[BlackTeam "Hillerod"]
[WhiteTeamCountry "DEN"]
[BlackTeamCountry "DEN"]

1. Nf3 c5 2. c4 Nc6 3. g3 Nf6 4. Bg2 d5 5. cxd5 Nxd5 6. d4 cxd4 7. Nxd4 Ndb4 8. Nxc6 Qxd1+ 9. Kxd1 Nxc6 10. Nc3 Bd7 11. Bd2 Rc8 12. Rc1 e5 13. f4 exf4 14. Bxf4 Bb4 15. Nd5 Ba5 16. a3 Be6 17. b4 Rd8 18. e4 Bb6 19. Kc2 O-O 20. Rhd1 Nd4+ 21. Kb2 Bxd5 22. exd5 Ne2 23. Rc4 Nxf4 24. Rxf4 Bc7 25. Re4 1/2-1/2

[Event "Skakligaen 2025-26"]
[Site "Denmark"]
[Date "2026.01.24"]
[Round "5.2"]
[White "Hansen, Sune Berg"]
[Black "Kanov, Nikola Krasimirov"]
[Result "1-0"]
[WhiteElo "2506"]
[BlackElo "2403"]
[EventDate "2025.11.01"]
[EventType "team-tourn"]
[EventRounds "9"]
[EventCountry "DEN"]
[SourceTitle "Holdskaksystemet"]
[WhiteTeam "Hillerod"]
[BlackTeam "Fredericia"]
[WhiteTeamCountry "DEN"]
[BlackTeamCountry "DEN"]

1. d4 Nf6 2. c4 e6 3. Nc3 Bb4 4. g3 O-O 5. Bg2 d5 6. Nf3 dxc4 7. O-O Nc6 8. a3 Bxc3 9. bxc3 Na5 10. Bg5 Qe8 11. Bxf6 gxf6 12. Nd2 Bd7 13. Rb1 Ba4 14. Qc1 Bc6 15. e4 Rd8 16. Re1 Qe7 17. Nf1 Kh8 18. Qh6 Rg8 19. Ne3 b5 20. Nd5 exd5 21. exd5 Qd6 22. dxc6 a6 23. a4 bxa4 24. Ra1 Rge8 25. Re4 Rxe4 26. Bxe4 f5 27. Qxd6 Rxd6 28. Bxf5 Rxc6 29. Rxa4 Nb3 30. Bd7 Rd6 31. Bc8 c5 32. dxc5 Nxc5 33. Rxc4 Nb3 34. Bf5 a5 35. Kg2 h6 36. Bc2 Nc1 37. Kf3 Rd2 38. Be4 Kg7 39. Rc7 a4 40. Ra7 Na2 41. Ke3 Rd8 42. c4 Nc3 43. Bf3 Kg6 44. h4 f5 45. Ra6+ Kf7 46. Rxh6 a3 47. Ra6 a2 48. Bd5+ Kg7 49. Kd3 Nxd5 50. cxd5 Rxd5+ 51. Ke3 Re5+ 52. Kf3 Rb5 53. Rxa2 Rb4 54. Ra6 Rc4 55. Rd6 Ra4 56. h5 Rb4 57. h6+ Kf7 58. h7 Kg7 59. Rh6 Kh8 60. Rh5 Rb5 61. Kf4 Rb2 62. f3 Rb3 63. Rxf5 Kxh7 64. Kg5 Kg7 65. g4 1-0

[Event "Skakligaen 2025-26"]
[Site "Denmark"]
[Date "2026.01.24"]
[Round "5.4"]
[White "Storme, Isak"]
[Black "Light, Bjarne"]
[Result "1-0"]
[WhiteElo "2426"]
[BlackElo "2228"]
[EventDate "2025.11.01"]
[EventType "team-tourn"]
[EventRounds "9"]
[EventCountry "DEN"]
[SourceTitle "Holdskaksystemet"]
[WhiteTeam "Hillerod"]
[BlackTeam "Fredericia"]
[WhiteTeamCountry "DEN"]
[BlackTeamCountry "DEN"]

1. d4 Nf6 2. c4 e6 3. Nc3 Bb4 4. a3 Bxc3+ 5. bxc3 c5 6. e3 Nc6 7. Bd3 d6 8. Ne2 e5 9. d5 Ne7 10. e4 h6 11. f3 Ng6 12. Be3 Nh4 13. O-O g5 14. Ng3 Ng6 15. Nf5 Ne7 16. Qa4+ Kf8 17. Nxe7 Qxe7 18. Qc2 Kg7 19. g3 Bh3 20. Rf2 Rag8 21. g4 Nh7 22. Kh1 h5 23. Rg1 hxg4 24. fxg4 Nf8 25. Rg3 Rh6 26. Rff3 Rgh8 27. Be2 Ng6 28. Qd3 f6 29. Bd2 Bxg4 30. Rxg4 Rxh2+ 31. Kg1 Qd7 32. Rfg3 Qa4 33. Rg2 Rh1+ 34. Kf2 Qxa3 35. Qf3 Qa1 36. Qf5 Rf8 37. R4g3 Qb2 38. Be3 Qxc3 39. Rg1 Rxg1 40. Rxg1 Rf7 41. Rh1 Qc2 42. Rc1 Qb2 43. Qe6 Nh4 44. Rg1 Qc2 45. Rg4 Ng6 46. Qxd6 b6 47. Qe6 Nf4 48. Bxf4 exf4 49. e5 Qg6 50. d6 f3 51. d7 fxe2 52. d8=Q fxe5+ 53. Qxf7+ Qxf7+ 54. Kxe2 Kh7 55. Qxg5 1-0

[Event "Skakligaen 2025-26"]
[Site "Denmark"]
[Date "2026.01.24"]
[Round "5.5"]
[White "Schwarz, Frank"]
[Black "Borge, Nikolaj"]
[Result "1-0"]
[WhiteElo "2249"]
[BlackElo "2384"]
[EventDate "2025.11.01"]
[EventType "team-tourn"]
[EventRounds "9"]
[EventCountry "DEN"]
[SourceTitle "Holdskaksystemet"]
[WhiteTeam "Fredericia"]
[BlackTeam "Hillerod"]
[WhiteTeamCountry "DEN"]
[BlackTeamCountry "DEN"]

1. e4 e5 2. Nf3 Nc6 3. d4 exd4 4. Nxd4 Bc5 5. Be3 Qf6 6. c3 Nge7 7. Bc4 Ne5 8. Qe2 Bb6 9. Bb3 N7g6 10. Nd2 d6 11. O-O-O Nf4 12. Bxf4 Qxf4 13. Kb1 Bd7 14. g3 Qg4 15. f3 Qh5 16. h4 Qg6 17. g4 O-O-O 18. Nf5 Rhe8 19. Bc2 h6 20. Nf1 Qf6 21. N1e3 Ng6 22. Nd5 Qe5 23. Qd2 Rh8 24. h5 Nf8 25. f4 Qe6 26. Rhe1 Bc6 27. Bb3 Qd7 28. Nde7+ Kb8 29. Bxf7 Nh7 30. Nxc6+ bxc6 31. Bb3 Nf6 32. Qe2 Rde8 33. Qf3 Rhf8 34. Ba4 d5 35. e5 Nxg4 36. Qxg4 Qxf5+ 37. Qxf5 Rxf5 38. Bxc6 Re7 39. Rxd5 Rf8 40. Red1 Kc8 41. f5 Be3 42. e6 Bf4 43. Rb5 Be3 44. Bd7+ 1-0

[Event "Skakligaen 2025-26"]
[Site "Denmark"]
[Date "2026.01.24"]
[Round "5.6"]
[White "Percivaldi, Martin"]
[Black "Moller, Dustin"]
[Result "1-0"]
[WhiteElo "2369"]
[BlackElo "2150"]
[EventDate "2025.11.01"]
[EventType "team-tourn"]
[EventRounds "9"]
[EventCountry "DEN"]
[SourceTitle "Holdskaksystemet"]
[WhiteTeam "Hillerod"]
[BlackTeam "Fredericia"]
[WhiteTeamCountry "DEN"]
[BlackTeamCountry "DEN"]

1. d4 d5 2. c4 dxc4 3. Nf3 Nf6 4. e3 e6 5. Bxc4 Be7 6. O-O O-O 7. Nc3 c5 8. e4 cxd4 9. Nxd4 Qc7 10. Qe2 Nc6 11. Nxc6 bxc6 12. Be3 c5 13. Rfd1 Bb7 14. f3 Rfd8 15. Kh1 Nd7 16. Nb5 Qc6 17. Bf4 Nb6 18. Rd2 Rd7 19. Rxd7 Rc8 20. Rd8+ Rxd8 21. Na3 Nxc4 22. Nxc4 Qb5 23. b3 Qd7 24. Rc1 h5 25. Na5 Ba8 26. h3 Qd3 27. Qxd3 Rxd3 28. Nc4 g5 29. Nb2 Rd7 30. Be3 f5 31. exf5 exf5 32. Bxc5 Bf6 33. Rd1 Rc7 34. Bd4 Kf7 35. Bxf6 Kxf6 36. Nc4 g4 37. hxg4 hxg4 38. fxg4 fxg4 39. Kh2 g3+ 40. Kxg3 Rg7+ 41. Kf4 Bxg2 42. Rg1 Ke6 43. Ke3 Rg6 44. Kd4 Rg4+ 45. Kc5 Rg5+ 46. Kb4 Rg4 47. Rd1 Bd5 48. Kc5 Bxc4 49. bxc4 Rg2 50. a4 Ke7 51. Kc6 Rg6+ 52. Kb7 Rb6+ 53. Kxa7 Rb4 54. Rd4 Rxa4+ 55. Kb6 Rb4+ 56. Ka5 Rb1 57. c5 Rc1 58. Kb6 Rb1+ 59. Kc7 Rb2 60. c6 Rb1 61. Kc8 Rb2 62. c7 Rb1 63. Re4+ 1-0

[Event "Skakligaen 2025-26"]
[Site "Denmark"]
[Date "2026.01.24"]
[Round "5.7"]
[White "Madsen, Michael Baehring"]
[Black "Ostergaard, Jens"]
[Result "0-1"]
[WhiteElo "2014"]
[BlackElo "2271"]
[EventDate "2025.11.01"]
[EventType "team-tourn"]
[EventRounds "9"]
[EventCountry "DEN"]
[SourceTitle "Holdskaksystemet"]
[WhiteTeam "Fredericia"]
[BlackTeam "Hillerod"]
[WhiteTeamCountry "DEN"]
[BlackTeamCountry "DEN"]

1. d4 Nf6 2. c4 e6 3. Nf3 b6 4. g3 Bb7 5. Bg2 Be7 6. O-O O-O 7. Nc3 Ne4 8. Qc2 Nxc3 9. bxc3 f5 10. d5 Na6 11. Nd4 Nc5 12. dxe6 Bxg2 13. Kxg2 dxe6 14. Rd1 Qc8 15. Bf4 Bf6 16. Nf3 Qb7 17. Kg1 Qe4 18. Qxe4 Nxe4 19. Be5 Nxc3 20. Rd3 Ne4 21. Rad1 Nc5 22. R3d2 Rac8 23. Bxf6 gxf6 24. Nd4 Rfd8 25. Nb3 Rxd2 26. Rxd2 Ne4 27. Rd7 e5 28. a3 a5 29. f3 Nc3 30. c5 a4 31. Rd3 Nxe2+ 32. Kf2 Nxg3 33. Kxg3 axb3 34. Rxb3 bxc5 35. Rc3 Ra8 36. Rxc5 Rxa3 37. Kg2 Ra7 38. f4 exf4 39. Kf3 Kg7 40. Kxf4 Kg6 41. Rc2 Ra4+ 42. Kf3 Ra3+ 43. Kf4 Rh3 44. Rg2+ Kf7 45. Kxf5 Re3 46. Ra2 Re5+ 47. Kf4 c5 48. Ra6 Re6 49. Ra7+ Re7 50. Ra6 Re6 51. Ra7+ Kg6 52. Rc7 Re5 53. Rc8 Rd5 54. Rc7 h5 55. Rc8 Rd4+ 56. Ke3 Rh4 57. Rxc5 Rxh2 58. Kf4 Rh4+ 59. Kf3 Ra4 60. Kg3 h4+ 61. Kh3 f5 62. Rc8 Kg5 63. Rg8+ Kf4 64. Kxh4 Kf3+ 65. Kh3 f4 66. Kh2 Ra2+ 67. Kg1 Ra1+ 68. Kh2 Kf2 69. Rg2+ Ke3 70. Rb2 Re1 71. Kh3 f3 72. Rb3+ Kf2 73. Kg4 Re4+ 74. Kf5 Ra4 75. Rb2+ Kg3 76. Rb3 Kg2 0-1

[Event "Skakligaen 2025-26"]
[Site "Denmark"]
[Date "2026.01.24"]
[Round "5.8"]
[White "Pedersen, Jan Nordenbaek"]
[Black "Christensen, Hans Ulrich Falk Normark"]
[Result "1-0"]
[WhiteElo "2184"]
[BlackElo "1977"]
[EventDate "2025.11.01"]
[EventType "team-tourn"]
[EventRounds "9"]
[EventCountry "DEN"]
[SourceTitle "Holdskaksystemet"]
[WhiteTeam "Hillerod"]
[BlackTeam "Fredericia"]
[WhiteTeamCountry "DEN"]
[BlackTeamCountry "DEN"]

1. e4 e5 2. Nf3 Nf6 3. Nc3 Bb4 4. d3 d5 5. Bd2 d4 6. Ne2 Bxd2+ 7. Qxd2 Qd6 8. Ng3 Nc6 9. Be2 h6 10. O-O g5 11. c3 Be6 12. Rfc1 Rc8 13. cxd4 Nxd4 14. Nxd4 Qxd4 15. Qc3 Qxc3 16. bxc3 c5 17. a4 Ke7 18. a5 Rhd8 19. Rab1 Rc7 20. f3 Rdd7 21. c4 Ne8 22. Nf1 Nd6 23. Ne3 Nc8 24. Rc3 Rd6 25. Rcb3 b6 26. Ra3 Rdd7 27. Nd1 Rb7 28. Nc3 Kd8 29. Kf2 f5 30. Rab3 fxe4 31. fxe4 Kc7 32. a6 Rb8 33. Na4 Kc6 34. Ke3 Re7 35. Rb5 Ra8 36. Rf1 Nd6 37. Rbb1 Rf7 38. Rxf7 Nxf7 39. Rf1 Kd6 40. Nc3 Ke7 41. Nb5 Bd7 42. Nc7 Rc8 43. Nd5+ Kf8 44. Bh5 Be8 45. Rf5 Rc6 46. Nf6 Nd6 47. Nxe8+ Nxf5+ 48. exf5 g4 49. Ke4 Rc8 50. Nd6 Rd8 51. Kxe5 Ke7 52. f6+ Kd7 53. Bxg4+ Kc6 54. f7 Rxd6 55. f8=Q 1-0

[Event "Skakligaen 2025-26"]
[Site "Denmark"]
[Date "2026.01.24"]
[Round "5.1"]
[White "Andersen, Mads"]
[Black "Liu, Casper Yukun"]
[Result "1-0"]
[WhiteElo "2550"]
[BlackElo "2353"]
[EventDate "2025.11.01"]
[EventType "team-tourn"]
[EventRounds "9"]
[EventCountry "DEN"]
[SourceTitle "Holdskaksystemet"]
[WhiteTeam "Skanderborg"]
[BlackTeam "BMS"]
[WhiteTeamCountry "DEN"]
[BlackTeamCountry "DEN"]

1. d4 Nf6 2. c4 e6 3. Nf3 d5 4. g3 dxc4 5. Bg2 Bb4+ 6. Bd2 a5 7. Qc2 c5 8. a3 Bxd2+ 9. Nbxd2 cxd4 10. Nxc4 d3 11. exd3 Nc6 12. O-O O-O 13. Rfd1 Nd4 14. Nxd4 Qxd4 15. Qc3 Rd8 16. Qxd4 Rxd4 17. Rac1 Bd7 18. Bxb7 Rb8 19. Bg2 g5 20. Rd2 a4 21. Ne5 Bb5 22. Rc5 g4 23. Bc6 Ba6 24. Ra5 Rb6 25. Rxa4 Rxc6 26. Rxd4 Rc1+ 27. Kg2 Bb7+ 28. f3 h5 29. Re2 gxf3+ 30. Nxf3 Ng4 31. Rf4 e5 32. Rf5 1-0

[Event "Skakligaen 2025-26"]
[Site "Denmark"]
[Date "2026.01.24"]
[Round "5.2"]
[White "Kistrup, Nicolai"]
[Black "Olsen, Filip Boe"]
[Result "0-1"]
[WhiteElo "2367"]
[BlackElo "2454"]
[EventDate "2025.11.01"]
[EventType "team-tourn"]
[EventRounds "9"]
[EventCountry "DEN"]
[SourceTitle "Holdskaksystemet"]
[WhiteTeam "BMS"]
[BlackTeam "Skanderborg"]
[WhiteTeamCountry "DEN"]
[BlackTeamCountry "DEN"]

1. e4 c6 2. d4 d5 3. f3 g6 4. Nc3 Bg7 5. e5 Nh6 6. Bf4 f6 7. Qd2 Nf7 8. O-O-O fxe5 9. dxe5 Nxe5 10. Bh6 Bxh6 11. Qxh6 Nf7 12. Qe3 e5 13. f4 Qb6 14. Qe1 e4 15. Nxe4 dxe4 16. Qxe4+ Kf8 17. Bc4 Bf5 18. Qe2 Na6 19. Nf3 Re8 20. Ne5 Nxe5 21. fxe5 Qc7 22. Rhe1 b5 23. g4 Be6 24. Qf1+ Kg8 25. Bxe6+ Rxe6 26. g5 Kg7 27. Qh3 Rhe8 28. Rf1 Kg8 29. Rf6 Qxe5 30. Rf7 Qxg5+ 31. Kb1 Qh5 0-1

[Event "Skakligaen 2025-26"]
[Site "Denmark"]
[Date "2026.01.24"]
[Round "5.3"]
[White "Pajeken, Jakob Leon"]
[Black "Jacobsen, Mikkel Manosri"]
[Result "0-1"]
[WhiteElo "2455"]
[BlackElo "2308"]
[EventDate "2025.11.01"]
[EventType "team-tourn"]
[EventRounds "9"]
[EventCountry "DEN"]
[SourceTitle "Holdskaksystemet"]
[WhiteTeam "Skanderborg"]
[BlackTeam "BMS"]
[WhiteTeamCountry "DEN"]
[BlackTeamCountry "DEN"]

1. e4 c6 2. d4 d5 3. Nd2 dxe4 4. Nxe4 Nf6 5. Nxf6+ exf6 6. c3 Bd6 7. Bd3 O-O 8. Ne2 Re8 9. O-O Nd7 10. Ng3 g6 11. Bh6 Bf8 12. Qd2 f5 13. Rfe1 Rxe1+ 14. Rxe1 Nf6 15. Bxf8 Kxf8 16. Qh6+ Kg8 17. Qg5 Kf8 18. Re5 Be6 19. Bxf5 gxf5 20. Nxf5 Ne8 21. Qh6+ Kg8 22. Ng3 Qe7 23. Nh5 f6 24. Re3 Qf7 25. h4 Bxa2 26. f4 Kh8 27. f5 Nd6 28. g4 Rg8 29. Qxf6+ Qxf6 30. Nxf6 Rf8 31. Nd7 Re8 32. Re5 Kg7 33. f6+ Kf7 34. Rh5 Bb1 35. Rh6 Re2 36. Ne5+ Kg8 37. Rh5 Nf7 38. b4 a6 39. c4 Rb2 40. d5 cxd5 41. Nxf7 Kxf7 42. Rxd5 Kxf6 43. b5 axb5 44. cxb5 Be4 45. g5+ Ke6 46. Rd4 Ke5 47. Rd7 Rxb5 0-1

[Event "Skakligaen 2025-26"]
[Site "Denmark"]
[Date "2026.01.24"]
[Round "5.4"]
[White "Nielsen Refs, Karl Emil Elmer"]
[Black "Pedersen, Nicolai Vesterbaek"]
[Result "1/2-1/2"]
[WhiteElo "2164"]
[BlackElo "2355"]
[EventDate "2025.11.01"]
[EventType "team-tourn"]
[EventRounds "9"]
[EventCountry "DEN"]
[SourceTitle "Holdskaksystemet"]
[WhiteTeam "BMS"]
[BlackTeam "Skanderborg"]
[WhiteTeamCountry "DEN"]
[BlackTeamCountry "DEN"]

1. d4 Nf6 2. c4 g6 3. Nc3 Bg7 4. e4 O-O 5. Nf3 d6 6. Be2 e5 7. O-O h6 8. Re1 Nbd7 9. Bf1 Nh5 10. Be3 f5 11. exf5 gxf5 12. dxe5 f4 13. e6 fxe3 14. Rxe3 Ne5 15. Nxe5 dxe5 16. Qxh5 Bxe6 17. h4 Rf4 18. Rg3 Qxh4 19. Qxe5 Qf6 20. Qxc7 Rf8 21. Bd3 Qd4 22. Rf1 R4f7 23. Nb5 Qf6 24. Qc5 Qxb2 25. Nd6 Rd7 26. Bf5 Rxd6 27. Qxd6 Bxf5 28. Qxh6 Qf6 29. Qe3 b6 30. Re1 Qf7 31. Qg5 Qf6 32. Re7 Bg6 33. Rxa7 Qxf2+ 34. Kh2 Rf6 35. Qd5+ Bf7 36. Ra8+ Kh7 37. Qd3+ Qf5 38. Rh3+ Bh6 39. Qxf5+ Rxf5 40. Ra6 Kg7 41. Rxb6 Bf4+ 42. Kg1 Be5 43. Rd3 Bxc4 44. Rd7+ Kf8 45. g4 Rf4 46. Rc6 Ke8 47. Rd1 Bxa2 48. Ra6 Bc4 49. Ra3 Rxg4+ 50. Kf2 Kf7 51. Rf3+ Kg6 52. Ke3 Be6 53. Rff1 Bf5 54. Rg1 Bd4+ 55. Rxd4 Rxg1 56. Rd8 Re1+ 57. Kf4 Re4+ 58. Kf3 Rh4 59. Kg3 Rb4 60. Rg8+ Kf6 61. Ra8 Ke5 62. Ra5+ Ke4 63. Ra3 Be6 64. Rf3 Rb8 65. Rf4+ Ke5 66. Ra4 Rb3+ 67. Kf2 Bd5 68. Ke2 Be4 69. Ra7 Kd4 70. Ra4+ Ke5 71. Ra7 Kf4 72. Rf7+ Bf5 73. Kd2 Rd3+ 74. Kc1 Rd5 75. Kb2 Ke3 76. Kc3 Rd3+ 77. Kb4 Be4 78. Kc5 Rc3+ 79. Kd6 Kd4 80. Rf1 Rc6+ 81. Kd7 Ke5 82. Rg1 Rc5 83. Re1 Rd5+ 84. Kc7 Rb5 85. Kc8 Rb4 86. Kc7 Rb7+ 87. Kc8 Rg7 88. Kb8 Kd5 89. Rf1 Kd6 90. Rf6+ Kd7 91. Rf4 Bd5 92. Rf8 Rg1 93. Rf6 Rg8+ 94. Ka7 Kc7 95. Ka6 Rg5 96. Kb5 Bb7+ 1/2-1/2

[Event "Skakligaen 2025-26"]
[Site "Denmark"]
[Date "2026.01.24"]
[Round "5.5"]
[White "Holinka, Henning"]
[Black "Wahlgreen, Noah Krug"]
[Result "1-0"]
[WhiteElo "2340"]
[BlackElo "2167"]
[EventDate "2025.11.01"]
[EventType "team-tourn"]
[EventRounds "9"]
[EventCountry "DEN"]
[SourceTitle "Holdskaksystemet"]
[WhiteTeam "Skanderborg"]
[BlackTeam "BMS"]
[WhiteTeamCountry "DEN"]
[BlackTeamCountry "DEN"]

1. e4 e5 2. Nf3 Nf6 3. Nxe5 d6 4. Nf3 Nxe4 5. d4 d5 6. Bd3 Bf5 7. O-O Be7 8. Re1 Nc6 9. Nbd2 Nxd2 10. Qxd2 Bxd3 11. Qxd3 O-O 12. Bd2 Re8 13. Re2 Qd7 14. Rae1 b6 15. c3 Bd6 16. Ng5 g6 17. Qh3 f5 18. Rxe8+ Rxe8 19. Qxh7+ 1-0

[Event "Skakligaen 2025-26"]
[Site "Denmark"]
[Date "2026.01.24"]
[Round "5.6"]
[White "Iskos, Lukas"]
[Black "Medhus, Vitus Bondo"]
[Result "1-0"]
[WhiteElo "2144"]
[BlackElo "2392"]
[EventDate "2025.11.01"]
[EventType "team-tourn"]
[EventRounds "9"]
[EventCountry "DEN"]
[SourceTitle "Holdskaksystemet"]
[WhiteTeam "BMS"]
[BlackTeam "Skanderborg"]
[WhiteTeamCountry "DEN"]
[BlackTeamCountry "DEN"]

1. d4 Nf6 2. Bf4 d5 3. e3 c5 4. Nf3 Nc6 5. Nbd2 e6 6. c3 cxd4 7. exd4 Nh5 8. Be3 Bd6 9. Bd3 Nf4 10. Bxf4 Bxf4 11. O-O O-O 12. g3 Bd6 13. Re1 b6 14. b4 Bb7 15. b5 Nb8 16. Ne5 Bxe5 17. Rxe5 Nd7 18. Re3 Rc8 19. Nf3 g6 20. Rc1 Rc7 21. h4 Qe7 22. Qb3 Qd6 23. Rce1 Rfc8 24. Bb1 a6 25. a4 axb5 26. axb5 Ra8 27. h5 Qa3 28. Qc2 Qa4 29. hxg6 hxg6 30. Qd3 Nf8 31. Ne5 Rac8 32. Rf3 Qa3 33. Qd2 Kg7 34. Ng4 Nh7 35. Qh6+ Kg8 36. Kg2 Qf8 37. Qh4 Qg7 38. Rh1 f5 39. Nh6+ Kh8 40. Re3 Re8 41. Rxe6 Rce7 42. Rxb6 Bc8 43. Ba2 Re4 44. g4 fxg4 45. Bxd5 Rf4 46. Rb8 Ref8 47. Re1 g3 48. Qxf4 Rxf4 49. Rxc8+ Nf8 50. Rh1 Rxf2+ 51. Kxg3 Rf3+ 52. Kxf3 Qf6+ 53. Nf5+ 1-0

[Event "Skakligaen 2025-26"]
[Site "Denmark"]
[Date "2026.01.24"]
[Round "5.7"]
[White "Brondt, Nicolai Kvist"]
[Black "Haubro, Sigfred"]
[Result "1/2-1/2"]
[WhiteElo "2225"]
[BlackElo "2093"]
[EventDate "2025.11.01"]
[EventType "team-tourn"]
[EventRounds "9"]
[EventCountry "DEN"]
[SourceTitle "Holdskaksystemet"]
[WhiteTeam "Skanderborg"]
[BlackTeam "BMS"]
[WhiteTeamCountry "DEN"]
[BlackTeamCountry "DEN"]

1. d4 d5 2. c4 e6 3. Nc3 f5 4. Bf4 c6 5. e3 Nf6 6. Bd3 Be7 7. Nf3 O-O 8. Qc2 a6 9. cxd5 cxd5 10. Ne5 Nbd7 11. O-O Nxe5 12. Bxe5 Bd7 13. Rfc1 b5 14. a4 b4 15. Ne2 a5 16. b3 Ne8 17. Nf4 Rc8 18. Qd2 g5 19. Nh3 h6 20. f3 Nd6 21. Nf2 Qb6 22. Be2 Nf7 23. Nd3 Rfe8 24. Bg3 f4 25. Bf2 fxe3 26. Bxe3 Qb7 27. Bf2 Rxc1+ 28. Rxc1 Rc8 29. Nc5 Bxc5 30. dxc5 e5 31. h4 Bc6 32. hxg5 hxg5 33. Bd3 Qe7 34. Bb5 d4 35. Bc4 Kg7 36. Bg3 Qf6 37. Re1 Re8 38. Qd3 Re7 39. Bb5 Bd5 40. Bc4 Bc6 41. Bb5 Bd5 42. Bc4 1/2-1/2

[Event "Skakligaen 2025-26"]
[Site "Denmark"]
[Date "2026.01.24"]
[Round "5.8"]
[White "Simonsen, Jesper"]
[Black "Zander, Emil"]
[Result "1/2-1/2"]
[WhiteElo "2093"]
[BlackElo "2147"]
[EventDate "2025.11.01"]
[EventType "team-tourn"]
[EventRounds "9"]
[EventCountry "DEN"]
[SourceTitle "Holdskaksystemet"]
[WhiteTeam "BMS"]
[BlackTeam "Skanderborg"]
[WhiteTeamCountry "DEN"]
[BlackTeamCountry "DEN"]

1. d4 Nf6 2. Bf4 d5 3. e3 c5 4. Nd2 Nc6 5. c3 Bf5 6. Qb3 Qd7 7. Ngf3 c4 8. Qd1 e6 9. Be2 Bd6 10. Ne5 Qc7 11. Nxc6 Bxf4 12. exf4 bxc6 13. g3 Bh3 14. Bf1 Bxf1 15. Kxf1 c5 16. Nf3 O-O 17. Kg2 Rfb8 18. Qc2 Rb7 19. Rab1 Rab8 20. Rhe1 Qa5 21. b3 cxb3 22. axb3 Rc8 23. Ra1 Qb6 24. Qd3 Rbc7 25. c4 cxd4 26. cxd5 Nxd5 27. Qxd4 g6 28. Qxb6 axb6 29. Nd4 Rc3 30. h4 Rd3 31. Red1 Rxd1 32. Rxd1 h5 33. Ra1 Rc3 34. Ra8+ Kg7 35. Ra7 Kf8 36. Rb7 Rd3 37. Nc6 Rxb3 38. Ne5 Ne7 39. Nd7+ Kg7 40. Rxb6 Rxb6 1/2-1/2

[Event "Skakligaen 2025-26"]
[Site "Denmark"]
[Date "2026.01.24"]
[Round "5.1"]
[White "Hector, Jonny"]
[Black "Ramsdal, Jens Albert"]
[Result "1/2-1/2"]
[WhiteElo "2423"]
[BlackElo "2314"]
[EventDate "2025.11.01"]
[EventType "team-tourn"]
[EventRounds "9"]
[EventCountry "DEN"]
[SourceTitle "Holdskaksystemet"]
[WhiteTeam "Nordkalotten"]
[BlackTeam "SK1968"]
[WhiteTeamCountry "DEN"]
[BlackTeamCountry "DEN"]

1. e4 c5 2. Nf3 d6 3. d4 cxd4 4. Nxd4 Nf6 5. Nc3 Nc6 6. Bg5 e6 7. Qd2 a6 8. O-O-O Bd7 9. Kb1 h6 10. Be3 Ng4 11. f4 Nxe3 12. Qxe3 Qc7 13. g4 O-O-O 14. h4 Kb8 15. Rh3 Be7 16. Qg1 Nxd4 17. Qxd4 Rhg8 18. Qf2 Qc5 19. Qe1 Rc8 20. g5 Rh8 21. Rhd3 hxg5 22. hxg5 Rh1 23. Qd2 Rch8 24. e5 d5 25. Ne4 Qb4 26. Qxb4 Bxb4 27. Ng3 R1h4 28. Rf3 Be7 29. Bd3 Rg4 30. Ne2 Rh2 31. Rff1 Bc5 32. Rh1 Rgh4 33. Rxh2 Rxh2 34. c3 Be3 35. Rf1 g6 36. Rf3 Bc5 37. Nd4 Ba4 38. b3 Bd7 39. a4 Kc7 40. Kc1 Kb6 41. b4 Be7 42. Bc2 Kc7 43. Kd1 Kd8 44. Ke1 Kc7 45. Rf2 Rxf2 46. Kxf2 Kc8 47. Ke3 Bd8 48. Nf3 Bb6+ 49. Kd3 Kd8 50. Nd4 Kc8 51. Bb3 Kd8 52. Bd1 Kc8 53. Bb3 1/2-1/2

[Event "Skakligaen 2025-26"]
[Site "Denmark"]
[Date "2026.01.24"]
[Round "5.2"]
[White "Matthiesen, Martin"]
[Black "Jepson, Christian"]
[Result "1-0"]
[WhiteElo "2302"]
[BlackElo "2398"]
[EventDate "2025.11.01"]
[EventType "team-tourn"]
[EventRounds "9"]
[EventCountry "DEN"]
[SourceTitle "Holdskaksystemet"]
[WhiteTeam "SK1968"]
[BlackTeam "Nordkalotten"]
[WhiteTeamCountry "DEN"]
[BlackTeamCountry "DEN"]

1. d4 d6 2. Nf3 Nf6 3. c4 g6 4. Nc3 Bf5 5. Qb3 b6 6. h3 Nc6 7. g4 Bd7 8. Bg2 Na5 9. Qc2 Nxc4 10. e4 h5 11. g5 Nh7 12. Nd5 e6 13. Qxc4 exd5 14. Qxd5 Be7 15. Bf4 O-O 16. h4 Re8 17. O-O Nf8 18. Bg3 c6 19. Qb3 a5 20. d5 c5 21. a4 b5 22. axb5 Rb8 23. Qc3 Rxb5 24. Rfe1 a4 25. e5 Rb3 26. Qd2 Rb4 27. exd6 Bxd6 28. Bxd6 Qb6 29. Be5 Rd8 30. Bc3 Rg4 31. Ne5 Rxh4 32. Ba5 Qb8 33. Bxd8 Qxd8 34. f4 f6 35. Nxd7 Qxd7 36. d6 Rg4 37. Qd5+ 1-0

[Event "Skakligaen 2025-26"]
[Site "Denmark"]
[Date "2026.01.24"]
[Round "5.3"]
[White "Brynell, Stellan"]
[Black "Thogersen, Rasmus"]
[Result "1/2-1/2"]
[WhiteElo "2369"]
[BlackElo "2270"]
[EventDate "2025.11.01"]
[EventType "team-tourn"]
[EventRounds "9"]
[EventCountry "DEN"]
[SourceTitle "Holdskaksystemet"]
[WhiteTeam "Nordkalotten"]
[BlackTeam "SK1968"]
[WhiteTeamCountry "DEN"]
[BlackTeamCountry "DEN"]

1. d4 Nf6 2. Nf3 g6 3. c4 Bg7 4. Nc3 d5 5. e3 O-O 6. cxd5 Nxd5 7. Bc4 Nb6 8. Bb3 c5 9. O-O Na6 10. h3 Bf5 11. Qe2 Rc8 12. e4 cxd4 13. exf5 dxc3 14. fxg6 hxg6 15. bxc3 e6 16. Bg5 Bf6 17. Bh6 Re8 18. Rad1 Qc7 19. h4 Qc5 20. Ng5 Qe5 21. Qf3 Nc5 22. Rfe1 Qf5 23. Re3 Nxb3 24. axb3 Nd5 25. Ne4 Be5 26. Red3 Qxf3 27. Rxf3 f5 28. Ng5 Nxc3 29. Re1 Bf6 30. Rxe6 Rxe6 31. Nxe6 Bxh4 32. Rd3 Ne4 33. g3 Kf7 34. Nf4 Be7 35. Nd5 Bc5 36. Ne3 Ke6 37. Kg2 Rh8 38. Bg7 Rh7 39. Ba1 Rc7 40. Nd5 Rc6 41. f3 Ng5 42. Nf4+ Kf7 43. Be5 Be7 44. Rd7 Rc2+ 45. Kf1 Ke8 46. Rxb7 Nxf3 47. Nd5 Nh2+ 48. Ke1 Nf3+ 49. Kf1 Nh2+ 50. Ke1 Nf3+ 1/2-1/2